食中毒の病因物質 - Statistics

General Stats
  • This quiz has been taken 15 times
  • The average score is 5 of 14
Answer Stats
件数 ヒント 物質 % Correct
19 細菌 腸管出血性大腸菌(O157)
79%
211 細菌 カンピロバクター
71%
456 うちアニサキス432 寄生虫
57%
164 うちノロウイルス163 ウイルス
57%
25 細菌 サルモネラ属菌
50%
57 自然毒
29%
28 細菌 ウェルシュ菌
29%
3 細菌 病原性大腸菌(O157以外)
29%
8 化学物質
21%
5 その他
21%
20 細菌 ぶどう球菌
21%
3 細菌 その他
21%
20 不明
14%
2 細菌 セレウス菌
14%
No matching quizzes found
Score Distribution
Percent of People with Each Score
Percentile by Number Answered
Your Score History
You have not taken this quiz